Popovnennja slovnyka Petro Sysak (4)

Bibliographic Details
Format: Article
Language:Ukrainian
PhysicalDescription:Fotogr.
Subjects:

MARC

LEADER 00000nab a2200000 a 4500
001 vtls009280241
003 SK-MaSNL
005 20260318114945.0
008 080331c2007 xo wr p 000 c0ukr
015 |a SNBRB2008/03 
038 |a SVKPOCL 
040 |a SVKPO  |b slo  |c SVKPO  |e AACR2 
041 0 |a ukr 
044 |a xo  |c SK 
080 |a 378-051  |2 2001 
080 |a 631-051  |2 2001 
080 |a 929 Sisák, Peter  |2 2001 
245 0 0 |a Popovnennja slovnyka  |b Petro Sysak  |n (4) 
300 |b Fotogr. 
600 1 7 |a Sisák, Peter,  |d 1932-  |2 svkpocl  |9 7457 
650 0 7 |a poľnohospodárstvo  |2 svkpocl  |9 679 
650 0 7 |a pedagógovia  |2 svkpocl  |9 18561 
650 0 7 |a osobnosti  |2 SNKPH  |9 29820 
651 7 |a Cigeľka (Slovensko)  |2 svkpocl  |9 35412 
651 7 |a Bardejov (Slovensko : okres)  |2 svkpocl  |9 28620 
651 7 |a Nitra (Slovensko)  |2 snkbucl  |9 15714 
655 7 |a biografie  |2 svkpocl  |9 27965 
773 0 |t Nove žyttja  |g Roč. 57, č. 49-50 (2007), s. 5 
852 |a SVKPO  |b KIS3GCP 
958 |a UK 
958 |a SK 
958 |a RN 
958 |a BX 
999 |c 3335948  |d 3337878